00495nam a2200157Ia 4500008004100000020001800041082001200059100003700071245007400108250000900182260007000191300002700261500001900288600001500307650001500322240925s9999 xx 000 0 und d a9789339220136 a657 WIL aWilliams, Jan R.; Haka, Susan F. 0aFinancial and Managerial Accounting: The Basis for Business Decisions a17th aNew Delhi:bMcGraw Hill Education (India) Private Limitedc,2015. axv, 218p.b0fOriginal aIncludes Index aManagement aAccounting